Global financial crisis and its impact on Zambia (Record no. 75934)

MARC details
000 -LEADER
fixed length control field 00703nam a2200157 a 4500
008 - FIXED-LENGTH DATA ELEMENTS--GENERAL INFORMATION
fixed length control field 100719s2009 ||||||||||||||||| || u
050 ## - LIBRARY OF CONGRESS CALL NUMBER
Classification number BOZ(01)
110 ## - MAIN ENTRY--CORPORATE NAME
Corporate name or jurisdiction name as entry element Bank Of Zambia (BOZ)
245 10 - TITLE STATEMENT
Title Global financial crisis and its impact on Zambia
260 ## - PUBLICATION, DISTRIBUTION, ETC.
Place of publication, distribution, etc. Lusaka
Name of publisher, distributor, etc. Bank of Zambia (BOZ)
Date of publication, distribution, etc. 2009
300 ## - PHYSICAL DESCRIPTION
Extent 8p.
350 ## -
-- 0.00
650 ## - SUBJECT ADDED ENTRY--TOPICAL TERM
Topical term or geographic name entry element FINANCIAL CRISES--ZAMBIA
995 ## -
-- SPECIAL COLLECTIONS
-- 0.00
-- 03006862
-- CBU-MAIN LIBRARY (Kitwe)
-- 1
-- 0.00
-- ZAM PER BOZ(01)2009A
-- 1
-- AVAILABLE
-- Jul 22, 2010
-- 03006862
-- Zambiana Collection
995 ## -
-- SPECIAL COLLECTIONS
-- 0.00
-- 03006863
-- CBU-MAIN LIBRARY (Kitwe)
-- 1
-- 0.00
-- ZAM PER BOZ(01)2009B
-- 2
-- AVAILABLE
-- Jul 22, 2010
-- 03006863
-- Zambiana Collection
999 ## -
-- 75934
-- 75934
Holdings
Withdrawn status Lost status Source of classification or shelving scheme Damaged status Not for loan Permanent Location Current Location Shelving location Date acquired Total Checkouts Full call number Barcode Date last seen Copy number Price effective from Koha item type
          CBU-MAIN LIBRARY, KITWE. CBU-MAIN LIBRARY, KITWE.   04/25/2023   ZAM PER BOZ(01)2009A 03006862 04/25/2023 1 04/25/2023 SPECIAL COLLECTION
          CBU-MAIN LIBRARY, KITWE. CBU-MAIN LIBRARY, KITWE.   04/25/2023   ZAM PER BOZ(01)2009B 03006863 04/25/2023 2 04/25/2023 SPECIAL COLLECTION